000 01177nam a2200265 i 4500
001 170698
003 ES-MaACL
005 20250830050121.0
008 090331s1949 sp |||| | spa d
080 _a234.1
100 0 _aAgustín
_cSanto, Obispo de Hipona.
_9125563
245 1 0 _aObras de San Agustín.
_nT. VI,
_pTratados sobre la gracia: Del espíritu y de la letra ; De la naturaleza y de la gracia ; De la gracia de Jesucristo y del pecado original ; De la gracia y del libre albedrio ; De la corrección y de la gracia ; De la predestinación de los santos ; Del don de perseverancia /
_cversión, introducción y notas de Victorino Capanaga...[et al.].
250 _aEd. bilingüe.
260 _aMadrid :
_b[La Editorial Católica],
_c1949.
300 _aXII, 943 p. ;
_c20 cm.
490 1 _aBiblioteca de autores cristianos ;
_v50
546 _aTexto en latín y traducción en castellano.
650 0 7 _aGracia (Teología)
_2embne
_913150
700 1 _aCapanaga, Victorino.
_934776
830 0 0 _aBiblioteca de autores cristianos
_v50
_9178679
852 _aES-MaACL
_jJ-48
852 _aES-MaACL
_jE-4195
999 _c170698
_d170698